000 00795cam a2200205 4500
001 WB4018-07
008 040513n2004 000 0 eng u
035 _a(Sirsi) u126195
245 _aGeographic information strategy consultation
260 _c2004
490 _aRICS Geomatics Faculty News
_v11 May 2004 (1)
520 _aThe Association for Geographic Information (AGI) has published a consultation on the development of a geographic information strategy for England. The consultation and associated survey are available on the AGI website, http://www.agi.org.uk/gipolicy/initiatives/england _gi_strategy.htm
590 _aWB
590 _aWB
650 _aGIS
650 _aGEOGRAPHIC INFORMATION
650 _aPUBLIC CONSULTATIONS
690 _aGEOMATICS
_96242
942 _n0
999 _c117348
_d117348